Introduction to Quantitative Macroeconomics Using Julia From Basic to State-of-the-Art Computational Techniques
Guardado en:
| Autor principal: | |
|---|---|
| Formato: | Libro |
| Lenguaje: | inglés |
| Publicado: |
London
Academic Press/Elsevier
2019
|
| Materias: | |
| Etiquetas: |
Sin Etiquetas, Sea el primero en etiquetar este registro!
|
MARC
| LEADER | 00000nam a2200000 4500 | ||
|---|---|---|---|
| 001 | 0272588 | ||
| 005 | 20221220064626.9 | ||
| 020 | |a 978-0-12-812219-8 | ||
| 041 | 0 | |a eng | |
| 044 | |a GB | ||
| 245 | 1 | 0 | |a Introduction to Quantitative Macroeconomics Using Julia |b From Basic to State-of-the-Art Computational Techniques |c Petre Caraiani |
| 264 | 1 | |a London |b Academic Press/Elsevier |c 2019 | |
| 300 | |a 225 s. | ||
| 610 | 2 | 0 | |a makroekonomika |
| 610 | 2 | 0 | |a modelovanie ekonometrické |
| 610 | 2 | 0 | |a metódy matematické |
| 610 | 2 | 0 | |a metóda Monte Carlo |
| 610 | 2 | 0 | |a modely dynamické |
| 610 | 2 | 0 | |a modely makroekonomické |
| 610 | 2 | 0 | |a regresia |
| 610 | 2 | 0 | |a optimalizácia |
| 610 | 2 | 0 | |a jazyky programovacie |
| 610 | 2 | 0 | |a softvér |
| 100 | 1 | |a Caraiani, Petre | |